header

Past perfect (Record no. 11072)

MARC details
000 -LEADER
fixed length control field 01048nam a2200277Ia 4500
100 1# - MAIN ENTRY--AUTHOR NAME
Personal name Zelas, Karen.
245 10 - TITLE STATEMENT
Title Past perfect
260 ## - PUBLICATION, DISTRIBUTION, ETC. (IMPRINT)
Place of publication Brisbane :
Name of publisher Glass House Books,
Year of publication 2013.
300 ## - PHYSICAL DESCRIPTION
Number of Pages 322 p.
650 #0 - SUBJECT ADDED ENTRY--TOPICAL TERM
Topical Term French
Topical Term Australian fiction
856 40 - ELECTRONIC LOCATION AND ACCESS
Uniform Resource Identifier http://site.ebrary.com/lib/rucke/Doc?id=10690313

No items available.

© 2026 Rongo University
Contact us: librarian | system librarian | Rongo university